|
|
|
|
| LEADER |
00000cam a2200000 a 4500 |
| 001 |
vtls001151238 |
| 003 |
SK-MaSNL |
| 005 |
20260301154006.0 |
| 008 |
240226s1931 au grn 000 0 ger |
| 015 |
|
|
|a SNBA1931
|
| 020 |
|
|
|q (viazané)
|
| 035 |
|
|
|a SNK000094106
|
| 035 |
|
|
|a urn:nbn:sk:snk-am3i7cm
|
| 035 |
|
|
|a 6FB3C12E-94F3-402F-928B-686F0B9830C5
|
| 035 |
|
|
|a urn:nbn:sk:snk-am00drwa
|
| 040 |
|
|
|a SNK
|b slo
|c SNK
|e AACR2
|
| 041 |
0 |
|
|a ger
|
| 043 |
|
|
|a e------
|
| 044 |
|
|
|a au
|c AT
|
| 080 |
|
|
|a 316.356.4
|2 2011
|
| 080 |
|
|
|a 342.724
|2 2011
|
| 080 |
|
|
|a (4)
|2 2011
|
| 080 |
|
|
|a (048.8)
|2 2011
|
| 100 |
1 |
|
|a Ammende, Ewald
|4 aut
|9 516244
|
| 245 |
1 |
4 |
|a Die Nationalitäten in den Staaten Europas
|b Sammlung von Lageberichten
|c Ewald Ammende
|
| 260 |
|
|
|a Wien
|b Wilhelm Braumüller
|c 1931
|e Wien
|f Friedrich Jasper
|
| 300 |
|
|
|a XXIV, 568 strán
|c 24 cm
|
| 504 |
|
|
|a Obsahuje bibliografické odkazy a poznámky
|
| 650 |
0 |
7 |
|a národnosti
|2 SNKPH
|9 4722
|
| 650 |
0 |
7 |
|a národnostné menšiny
|2 SNKPH
|9 2669
|
| 651 |
|
7 |
|a Európa
|2 SNKPHgeo
|9 167569
|
| 655 |
|
7 |
|a štúdie
|2 SNKPH
|9 57033
|
| 752 |
|
|
|a Rakúsko
|d Viedeň
|
| 958 |
|
|
|a RK
|
| 958 |
|
|
|a NB
|
| 999 |
|
|
|c 795239
|d 797169
|
| 952 |
|
|
|a SNK
|b SNK
|y PREZ
|7 0
|p 17A0772314
|o snkSC 6770
|i snk5655/55
|0 0
|1 0
|4 0
|d 2019-05-21
|f 1
|l 0
|r 2025-07-04 00:00:00
|w 2026-02-24
|